01438cam a2200325 a 450000100100000000500170001000800410002702000150006804000250008308200170010824501460012526001530027130000370042450000200046165000440048170000320052570000300055770000420058770000440062970000480067370000370072170000370075870000390079570000440083470000340087870000380091270000300095095201150098099900170109500001581520200929164149.0020124s2001 sp a b f000 0 spa  a8489384339 aDO-SdBNPbspaCBNPHU a027.4bB582p04aLas bibliotecas públicas en España :buna realidad abierta /cHilario Hernández, dirección técnica ; Fernando Armario ... [et al.]. aMadrid :bFundación Germán Sánchez Ruipérez ;bDirección General del Libro, Archivos y Bibliotecas ;bPlan de Fomento a la Lectura,c2001. a319 p. :bil., gráf. ;c23 cm. aIncluye anexos. 4aBibliotecas públicaszEspaña93559112aHernández, Hilario.9573612aArmario, Fernando.93559212aCarrión Gútiez, Alejandro.93559312aDomínguez Sanjurjo, M. Ramona.93559412aGómez Hernández, José Antonio.93559512aMañá Terré, Teresa.93559612aMayol Fernádez, Carmen.93559712aMerlo Vega, José Antonio.93559812aNogales Herrera, José María.93559912aSalaberría, Ramón.93560012aSoarín Pérez, Tomás.93560112aSelgas, Joaquín.935602 001050718MOaGRbGRcHDd2010-02-18iLF1l0o027.4 B582pp15815-10r2020-06-25w2020-06-25y1ZNo se presta c15360d15360